Countries that were part of the German Empire - Statistics

General Stats
  • This quiz has been taken 42 times
    29 since last reset
  • The average score is 16 of 29
Answer Stats
Countries % Correct
Poland
92%
France
79%
Germany
79%
Namibia
75%
Russia
71%
Belgium
67%
Czech Republic
67%
Denmark
67%
Tanzania
67%
Ghana
58%
Lithuania
58%
Burundi
54%
China
54%
Rwanda
54%
Togo
54%
United States
54%
Cameroon
50%
Gabon
50%
Micronesia
50%
Papua New Guinea
50%
Mozambique
46%
Republic of Congo
46%
Samoa
42%
Marshall Islands
38%
Nigeria
38%
Palau
38%
Botswana
29%
Kenya
29%
Nauru
25%
No matching quizzes found
Score Distribution
Percent of People with Each Score
Percentile by Number Answered
Your Score History
You have not taken this quiz since the last reset